[Event "Knighthood Blitz"]
[Site "Vishy Anand Arena"]
[Date "2020.08.01"]
[Round "7"]
[White "Beradia"]
[Black "Unforgettable"]
[Result "0-1"]
[WhiteElo "1617"]
[BlackElo "2073"]
[PlyCount "58"]
[EventDate "2020.08.01"]
[EventType "swiss (blitz)"]

1. e4 c5 2. Nf3 e6 3. d4 cxd4 4. Nxd4 a6 5. Nc3 Qc7 6. Bd3 Nc6 7. Nxc6 bxc6 8. Be3 Nf6 9. O-O Be7 10. f4 d6 11. f5 O-O 12. Bf4 e5 13. Bg3 d5 14. exd5 cxd5 15. Qe2 Bd6 16. Qd2 e4 17. Bxd6 Qxd6 18. Bxe4 Qb6+ 19. Kh1 dxe4 20. Qf4 Bb7 21. Ne2 e3 22. b3 Qc6 23. Rf3 Rfe8 24. Rg3 Kh8 25. Nd4 Qc3 26. Rf1 Nh5 27. Qg4 Nxg3+ 28. hxg3 Qd2 29. f6 Qxg2# 0-1

[Event "Knighthood Blitz"]
[Site "Vishy Anand Arena"]
[Date "2020.08.01"]
[Round "7"]
[White "Vijayreddy29"]
[Black "Whitefalcon"]
[Result "0-1"]
[WhiteElo "1614"]
[BlackElo "1998"]
[Annotator "NA"]
[PlyCount "128"]
[EventDate "2020.08.01"]
[EventType "swiss (blitz)"]

1. d4 Nf6 2. c4 g6 3. Nc3 Bg7 4. Bf4 d6 5. e3 O-O 6. Nf3 Nbd7 7. Be2 Nh5 8. Bg3 Nxg3 9. fxg3 e5 10. O-O exd4 11. exd4 Nb6 12. Rc1 Re8 13. d5 Nd7 14. Nd4 Nc5 15. Bg4 f5 16. Bf3 Ne4 17. Re1 Nxc3 18. bxc3 Bd7 19. Ne6 Bxe6 20. dxe6 c6 21. Qd3 Qc7 22. Rcd1 Rad8 23. Qc2 Re7 24. Qb3 Rde8 25. c5 d5 26. c4 d4 27. g4 Rxe6 28. Rxe6 Rxe6 29. gxf5 gxf5 30. Qd3 Qe5 31. g3 Qxc5 32. Kg2 Re3 33. Qd2 Qxc4 34. Rc1 Qd3 35. Qxd3 Rxd3 36. Re1 Kf7 37. Rb1 Rd2+ 38. Kh3 b6 39. Bxc6 Rxa2 40. Bd5+ Kf6 41. Bxa2 Ke5 42. Bc4 Bf8 43. Re1+ Kf6 44. Re8 Bc5 45. Bd3 a5 46. Rh8 Kg7 47. Rc8 Kf6 48. Ra8 h6 49. Kg2 Ke5 50. Kf3 Kd5 51. Bxf5 Kc4 52. Ke2 Kb3 53. Bd3 a4 54. Kd2 a3 55. Bc2+ Kb2 56. Kd1 a2 57. Rxa2+ Kxa2 58. Bd3 Kb2 59. Bc2 Kc3 60. Be4 d3 61. Bf5 b5 62. g4 b4 63. Kc1 b3 64. Kb1 d2 0-1

[Event "Knighthood Blitz"]
[Site "Vishy Anand Arena"]
[Date "2020.08.01"]
[Round "7"]
[White "Architsaigal"]
[Black "Krithigga2001"]
[Result "0-1"]
[WhiteElo "1580"]
[BlackElo "1808"]
[Annotator "NA"]
[PlyCount "64"]
[EventDate "2020.08.01"]
[EventType "swiss (blitz)"]

1. e4 c6 2. Nc3 d5 3. Nf3 dxe4 4. Nxe4 Bg4 5. h3 Bxf3 6. Qxf3 Nf6 7. Bc4 e6 8. O-O Be7 9. d3 O-O 10. Ng5 Nd5 11. Ne4 f5 12. Ng3 Nd7 13. Re1 f4 14. Nh5 g6 15. Qg4 Kh8 16. Nxf4 N7f6 17. Qxe6 Nxf4 18. Bxf4 Bc5 19. Bg5 Bxf2+ 20. Kxf2 Ne4+ 21. Kg1 Nxg5 22. Qe5+ Qf6 23. Qxf6+ Rxf6 24. Rf1 Raf8 25. Rxf6 Rxf6 26. h4 Ne6 27. d4 Nxd4 28. Bd3 Kg7 29. Re1 Nf5 30. c3 Rf7 31. Bxf5 Rxf5 32. Rf1 Rf7 0-1

[Event "Knighthood Blitz"]
[Site "Vishy Anand Arena"]
[Date "2020.08.01"]
[Round "7"]
[White "Karthikmurux"]
[Black "Thrish"]
[Result "0-1"]
[WhiteElo "1577"]
[BlackElo "1872"]
[Annotator "NA"]
[PlyCount "72"]
[EventDate "2020.08.01"]
[EventType "swiss (blitz)"]

1. Nf3 d5 2. g3 Bg4 3. Bg2 Nf6 4. d3 e6 5. O-O Be7 6. c4 Bxf3 7. Bxf3 c6 8. cxd5 cxd5 9. Nc3 O-O 10. e4 d4 11. Ne2 Nc6 12. Bd2 Ne5 13. Bg2 Nxd3 14. Qc2 Nc5 15. Qc4 e5 16. f4 Nfxe4 17. Bb4 b5 18. Qxb5 Rb8 19. Qc4 Qb6 20. Bxe4 Qxb4 21. Qxb4 Rxb4 22. Bb1 Rxb2 23. Re1 d3 24. Nc3 e4 25. Nxe4 Nxe4 26. Rxe4 Bc5+ 27. Kf1 Rd8 28. Bxd3 Rxd3 29. Rc1 Rf3+ 30. Ke1 Bf8 31. Rc8 Rff2 32. Ree8 g6 33. Rxf8+ Kg7 34. Rg8+ Kh6 35. Rc1 Rxh2 36. a4 Rh1# 0-1

[Event "Knighthood Blitz"]
[Site "Vishy Anand Arena"]
[Date "2020.08.01"]
[Round "7"]
[White "vaibhavgautam"]
[Black "Ym27"]
[Result "0-1"]
[WhiteElo "1572"]
[BlackElo "1566"]
[Annotator "NA"]
[PlyCount "102"]
[EventDate "2020.08.01"]
[EventType "swiss (blitz)"]

1. d4 d5 2. Bf4 Nf6 3. e3 e6 4. Nf3 Be7 5. c4 Nbd7 6. Nc3 b6 7. cxd5 Nxd5 8. Nxd5 exd5 9. Bd3 O-O 10. Kf1 c5 11. h4 c4 12. Bc2 Ba6 13. Kg1 Nf6 14. Be5 Bd6 15. Bxf6 Qxf6 16. Ng5 g6 17. Qg4 h5 18. Qd7 Rfd8 19. Qa4 Bb7 20. b3 cxb3 21. Bxb3 Rdc8 22. Rh3 a6 23. Rf3 Qd8 24. Bd1 Bc6 25. Qb3 a5 26. Nxf7 Qe7 27. Nxd6 Qxd6 28. Rc1 b5 29. Qc2 Bd7 30. Qd2 Rxc1 31. Qxc1 Rc8 32. Qd2 Bg4 33. Rg3 Bxd1 34. Qxd1 Kf7 35. Qd2 Qc7 36. Qd3 Qc2 37. Qxc2 Rxc2 38. Rf3+ Ke7 39. a3 Ra2 40. e4 dxe4 41. Re3 b4 42. axb4 Kf6 43. bxa5 Rxa5 44. Rxe4 Kf5 45. Re5+ Rxe5 46. dxe5 Kxe5 47. Kf1 Kf4 48. Ke2 Kg4 49. f3+ Kxh4 50. Ke3 g5 51. Ke4 Kg3 0-1

[Event "Knighthood Blitz"]
[Site "Vishy Anand Arena"]
[Date "2020.08.01"]
[Round "7"]
[White "Gonda"]
[Black "Surisai"]
[Result "0-1"]
[WhiteElo "1544"]
[BlackElo "1638"]
[Annotator "NA"]
[PlyCount "66"]
[EventDate "2020.08.01"]
[EventType "swiss (blitz)"]

1. d4 Nf6 2. c4 c5 3. d5 b5 4. e3 g6 5. Nc3 b4 6. Nce2 d6 7. Nf3 Bg7 8. g3 O-O 9. Bg2 a5 10. Rb1 Bf5 11. Ra1 a4 12. O-O Ng4 13. Bd2 a3 14. bxa3 Bxa1 15. Qxa1 Rxa3 16. Qb2 Bd3 17. Re1 Bxc4 18. Ng5 Rxa2 19. Qc1 Bxe2 20. Rxe2 Qa5 21. e4 Ra1 22. Qxa1 Qxa1+ 23. Re1 Qd4 24. Be3 Nxe3 25. fxe3 Qc3 26. Kf2 b3 27. Rb1 b2 28. Kf3 Qc2 29. Ne6 fxe6+ 30. Kg4 Qxb1 31. Bf3 Qc2 32. h4 b1=Q 33. e5 Qf5# 0-1

[Event "Knighthood Blitz"]
[Site "Vishy Anand Arena"]
[Date "2020.08.01"]
[Round "7"]
[White "Sanjo_hunter"]
[Black "Syamantak"]
[Result "1-0"]
[WhiteElo "1539"]
[BlackElo "1361"]
[Annotator "NA"]
[PlyCount "71"]
[EventDate "2020.08.01"]
[EventType "swiss (blitz)"]

1. e4 e5 2. Nf3 Nc6 3. Bc4 Bc5 4. Nc3 Nf6 5. d3 d6 6. Bg5 Bg4 7. h3 Bh5 8. g4 Bg6 9. Ne2 h6 10. Bh4 O-O 11. Qd2 Re8 12. g5 hxg5 13. Bxg5 Qd7 14. Bxf6 gxf6 15. Qh6 Qe7 16. Nh4 Qf8 17. Qd2 Kh7 18. O-O-O Qh6 19. Qxh6+ Kxh6 20. Rdg1 Na5 21. Bd5 c6 22. Bb3 Nxb3+ 23. axb3 Bxf2 24. Rg2 Bxh4 25. Rhg1 Bg5+ 26. Kd1 Bh5 27. h4 Bxe2+ 28. Kxe2 Bxh4 29. Rh2 Kh5 30. Rgh1 Rg8 31. Rxh4+ Kg5 32. Rh6 Rg6 33. Rh7 Rag8 34. Kf3 f5 35. Rxf7 R8g7 36. Rxf5# 1-0

[Event "Knighthood Blitz"]
[Site "Vishy Anand Arena"]
[Date "2020.08.01"]
[Round "7"]
[White "Indrajeet4ever"]
[Black "sohanpatnaik"]
[Result "1-0"]
[WhiteElo "1518"]
[BlackElo "1409"]
[Annotator "NA"]
[PlyCount "67"]
[EventDate "2020.08.01"]
[EventType "swiss (blitz)"]

1. d4 Nf6 2. Bf4 g6 3. Nc3 Bg7 4. e4 d6 5. h4 c6 6. h5 O-O 7. hxg6 fxg6 8. Nf3 Nh5 9. Bg5 Bg4 10. Bc4+ Kh8 11. Qd2 b5 12. Bb3 Qd7 13. O-O-O a5 14. a3 a4 15. Ba2 Qb7 16. Rh4 b4 17. Rxg4 bxc3 18. Qxc3 c5 19. Bd5 Nc6 20. Bxe7 Qxe7 21. Bxc6 cxd4 22. Nxd4 Rac8 23. Qc4 Bxd4 24. Rxd4 Qc7 25. Qc3 Qxc6 26. Rc4+ Kg8 27. Rxc6 Rxc6 28. Qxc6 Rxf2 29. Qd5+ Kg7 30. Qd4+ Rf6 31. Qxa4 Rf1+ 32. Kd2 Nf6 33. Qa7+ Kh6 34. Rg3 1-0

[Event "Knighthood Blitz"]
[Site "Vishy Anand Arena"]
[Date "2020.08.01"]
[Round "7"]
[White "Enthusiast"]
[Black "Kanishsri"]
[Result "1-0"]
[WhiteElo "1497"]
[BlackElo "1620"]
[Annotator "NA"]
[PlyCount "81"]
[EventDate "2020.08.01"]
[EventType "swiss (blitz)"]

1. e4 c5 2. Nf3 d6 3. d4 cxd4 4. Nxd4 Nc6 5. Nc3 Nf6 6. Bb5 Bd7 7. Bxc6 Bxc6 8. Nxc6 bxc6 9. O-O g6 10. f4 Bg7 11. e5 dxe5 12. Qxd8+ Rxd8 13. fxe5 Nh5 14. Be3 Bxe5 15. Bxa7 Ra8 16. Bc5 Rb8 17. Ba3 Bd4+ 18. Kh1 Rb7 19. Rad1 Ba7 20. Ne4 O-O 21. g4 Ng7 22. Rde1 Ne6 23. c3 Rd8 24. Rd1 Re8 25. Rd3 Rb5 26. Rdf3 f6 27. Re1 Re5 28. Rff1 Bc5 29. Bxc5 Nxc5 30. Nxc5 Rxc5 31. Rxf6 Rc4 32. h3 exf6 33. Rxe8+ Kf7 34. Re3 Rf4 35. Kg2 f5 36. gxf5 gxf5 37. Rf3 Rxf3 38. Kxf3 Ke6 39. Kf4 h6 40. h4 Kd5 41. b3 1-0

[Event "Knighthood Blitz"]
[Site "Vishy Anand Arena"]
[Date "2020.08.01"]
[Round "7"]
[White "Dr_Deep_Chesh"]
[Black "Leorider5143"]
[Result "1-0"]
[WhiteElo "1495"]
[BlackElo "1512"]
[Annotator "NA"]
[PlyCount "67"]
[EventDate "2020.08.01"]
[EventType "swiss (blitz)"]

1. d4 Nf6 2. Bf4 d5 3. Nf3 Bg4 4. e3 Nc6 5. Be2 Bxf3 6. Bxf3 e6 7. h3 Ne7 8. Nc3 Ng6 9. Bh2 Nh4 10. O-O Bd6 11. Be2 Bxh2+ 12. Kxh2 Qd6+ 13. f4 O-O-O 14. Qe1 Nf5 15. Bd3 Kb8 16. Bxf5 exf5 17. a4 g5 18. Qf2 Rde8 19. Kh1 gxf4 20. Qxf4 Qxf4 21. Rxf4 Ne4 22. Nxe4 fxe4 23. Rxf7 a6 24. Raf1 Ka7 25. Rxc7 Ref8 26. Rff7 Rxf7 27. Rxf7 h5 28. Rd7 Rc8 29. c3 Rf8 30. Kg1 Rg8 31. Rxd5 Rg3 32. Rxh5 Rxe3 33. Kf2 Rd3 34. Ke2 1-0

[Event "Knighthood Blitz"]
[Site "Vishy Anand Arena"]
[Date "2020.08.01"]
[Round "7"]
[White "Anshuman Upadhyay"]
[Black "Ishwar Lal Patel"]
[Result "0-1"]
[WhiteElo "1488"]
[BlackElo "1611"]
[Annotator "NA"]
[PlyCount "98"]
[EventDate "2020.08.01"]
[EventType "swiss (blitz)"]

1. e4 c5 2. Nf3 Nc6 3. d4 cxd4 4. Nxd4 g6 5. Nc3 Bg7 6. Nf3 e6 7. Bc4 Nge7 8. O-O a6 9. a4 O-O 10. Bf4 d5 11. exd5 exd5 12. Nxd5 Nf5 13. Nc3 Nh4 14. Nxh4 Qxh4 15. Qf3 g5 16. Bg3 Qxc4 17. Ra3 Nd4 18. Qd3 Qxd3 19. cxd3 Bf5 20. Nd5 Ne2+ 21. Kh1 Nxg3+ 22. fxg3 Be6 23. Nc3 Rad8 24. Rd1 Bf5 25. Ne2 Bxb2 26. Rb3 Bf6 27. Nc1 Rd7 28. Kg1 Rfd8 29. Kf2 Bg4 30. Rd2 h5 31. h3 Bf5 32. Kf3 Be6 33. Ra3 Be7 34. Rc3 Bb4 35. Na2 Bxc3 36. Nxc3 Rxd3+ 37. Rxd3 Rxd3+ 38. Ke2 Rxc3 39. Kd2 Ra3 40. Kc2 Rxa4 41. Kb2 Rc4 42. Kb3 b5 43. Kb2 a5 44. Kb1 b4 45. Kb2 a4 46. Kb1 Rc3 47. Kb2 a3+ 48. Ka1 b3 49. g4 Rc1# 0-1

[Event "Knighthood Blitz"]
[Site "Vishy Anand Arena"]
[Date "2020.08.01"]
[Round "7"]
[White "Shubham37908"]
[Black "Chesslovers143"]
[Result "0-1"]
[WhiteElo "1487"]
[BlackElo "1172"]
[Annotator "NA"]
[PlyCount "52"]
[EventDate "2020.08.01"]
[EventType "swiss (blitz)"]

1. d4 d5 2. Nc3 Nf6 3. Nf3 e6 4. Bg5 Be7 5. e3 O-O 6. Bd3 c5 7. Bxf6 Bxf6 8. dxc5 Nd7 9. b4 Bxc3+ 10. Nd2 a5 11. O-O axb4 12. Nb3 Qc7 13. Qh5 f5 14. g4 Nf6 15. Qh3 Nxg4 16. f3 Nxe3 17. Rfd1 Rf6 18. Kf2 Nxd1+ 19. Rxd1 Rh6 20. Qg2 Rxh2 21. Rg1 Rxg2+ 22. Rxg2 Rxa2 23. f4 Qxf4+ 24. Ke2 Rb2 25. Rf2 Qg3 26. Rf3 Qe1# 0-1

[Event "Knighthood Blitz"]
[Site "Vishy Anand Arena"]
[Date "2020.08.01"]
[Round "7"]
[White "Monideepbanerjee"]
[Black "HRICK2008"]
[Result "0-1"]
[WhiteElo "1482"]
[BlackElo "1472"]
[Annotator "NA"]
[PlyCount "132"]
[EventDate "2020.08.01"]
[EventType "swiss (blitz)"]

1. e4 Nf6 2. d3 e5 3. Nf3 d6 4. Be2 Nc6 5. Be3 Bg4 6. O-O Be7 7. h3 Bxf3 8. Bxf3 h6 9. Be2 O-O 10. f4 d5 11. fxe5 Nxe5 12. exd5 Nxd5 13. Bd2 Bc5+ 14. Kh1 Be3 15. Nc3 Nxc3 16. bxc3 Bxd2 17. Qxd2 Nc4 18. Qf4 Nd6 19. Qg4 Qe7 20. d4 Rae8 21. Bd3 f5 22. Qg6 Rf6 23. Qh5 Ne4 24. Bxe4 Qxe4 25. Rae1 Qxe1 26. Rxe1 Rxe1+ 27. Kh2 Kh7 28. Qf3 c6 29. Qd3 g6 30. Qd2 Re7 31. c4 f4 32. Qb4 Ref7 33. d5 cxd5 34. cxd5 f3 35. Qd2 f2 36. d6 f1=Q 37. d7 Rxd7 38. Qxd7+ Rf7 39. Qg4 Qf4+ 40. Qxf4 Rxf4 41. Kg3 Rc4 42. Kf3 Rxc2 43. g4 Rxa2 44. h4 Rd2 45. h5 gxh5 46. gxh5 Rd8 47. Ke4 a5 48. Kf5 a4 49. Ke6 a3 50. Ke7 Rd1 51. Ke6 a2 52. Ke5 a1=Q+ 53. Ke4 Qd4+ 54. Kf3 Rf1+ 55. Ke2 Qd1+ 56. Ke3 Re1+ 57. Kf4 Qd2+ 58. Kg4 Rg1+ 59. Kf3 b6 60. Ke4 Qf2 61. Kd3 Rg3+ 62. Kc4 Re3 63. Kb5 Qd2 64. Kxb6 Rc3 65. Kb5 Qb2+ 66. Ka4 Ra3# 0-1

[Event "Knighthood Blitz"]
[Site "Vishy Anand Arena"]
[Date "2020.08.01"]
[Round "7"]
[White "Adireddytarun"]
[Black "Pavala"]
[Result "0-1"]
[WhiteElo "1445"]
[BlackElo "2080"]
[PlyCount "40"]
[EventDate "2020.08.01"]
[EventType "swiss (blitz)"]

1. d4 Nf6 2. c4 e6 3. Nc3 c5 4. d5 exd5 5. cxd5 d6 6. e4 g6 7. Bg5 Bg7 8. h3 O-O 9. Bd3 Re8 10. Nge2 Nbd7 11. O-O b6 12. Qc2 a6 13. a4 Ne5 14. Ng3 Nxd3 15. Qxd3 Bd7 16. f4 h6 17. Bh4 b5 18. axb5 axb5 19. Nxb5 Qb6 20. Na3 c4+ 0-1

[Event "Knighthood Blitz"]
[Site "Vishy Anand Arena"]
[Date "2020.08.01"]
[Round "7"]
[White "PrabhuBadkas"]
[Black "Mraa"]
[Result "1-0"]
[WhiteElo "1436"]
[BlackElo "1489"]
[Annotator "NA"]
[PlyCount "87"]
[EventDate "2020.08.01"]
[EventType "swiss (blitz)"]

1. e4 c5 2. Nf3 d6 3. d4 cxd4 4. Nxd4 Nf6 5. Nc3 a6 6. Be3 e6 7. Bc4 Be7 8. O-O Qc7 9. h3 b5 10. Bb3 Bb7 11. f4 Nc6 12. Kh1 Rc8 13. Qd2 Na5 14. Rae1 Nc4 15. Bxc4 bxc4 16. Bf2 O-O 17. e5 dxe5 18. fxe5 Nd5 19. Nxd5 Bxd5 20. Qf4 Qb7 21. Qg4 Qxb2 22. Be3 Rfe8 23. Bh6 g6 24. Qf4 Rf8 25. Bxf8 Rxf8 26. a4 Qb7 27. Qg4 Bc5 28. Nf3 Bb4 29. Rb1 a5 30. c3 Bxf3 31. Rxf3 Qd5 32. cxb4 axb4 33. Rxb4 Qd1+ 34. Kh2 Qe1 35. Rxc4 Qxe5+ 36. Rcf4 f5 37. Qg3 Kg7 38. Rb4 Qf6 39. Rb7+ Kh8 40. a5 e5 41. a6 f4 42. Qg4 Qxa6 43. Rfb3 Qf6 44. Qd7 1-0

[Event "Knighthood Blitz"]
[Site "Vishy Anand Arena"]
[Date "2020.08.01"]
[Round "7"]
[White "Kirajos"]
[Black "Adityaghule"]
[Result "1-0"]
[WhiteElo "1377"]
[BlackElo "1239"]
[Annotator "NA"]
[PlyCount "57"]
[EventDate "2020.08.01"]
[EventType "swiss (blitz)"]

1. Nf3 Nf6 2. g3 d5 3. Bg2 e6 4. d3 Be7 5. e4 Nbd7 6. e5 Ng4 7. O-O Ngxe5 8. Nxe5 Nxe5 9. d4 Nc6 10. c3 O-O 11. Bf4 b6 12. Nd2 g5 13. Be5 Nxe5 14. dxe5 Bb7 15. c4 Rb8 16. b3 c6 17. a4 Kh8 18. a5 Rg8 19. axb6 Qxb6 20. Kh1 Rbd8 21. Qg4 dxc4 22. Nxc4 Qxb3 23. Ne3 Qb5 24. Rfb1 Qxe5 25. Nc4 Qf5 26. Qxf5 exf5 27. Rxb7 Bf8 28. Ne5 Bg7 29. Nxf7# 1-0

[Event "Knighthood Blitz"]
[Site "Vishy Anand Arena"]
[Date "2020.08.01"]
[Round "7"]
[White "SudiNarayana"]
[Black "Cheetah2020"]
[Result "0-1"]
[WhiteElo "1304"]
[BlackElo "1317"]
[Annotator "NA"]
[PlyCount "58"]
[EventDate "2020.08.01"]
[EventType "swiss (blitz)"]

1. e4 e5 2. Nf3 Nc6 3. Bc4 d6 4. Nc3 Nf6 5. d3 h6 6. h3 Nd4 7. Nxd4 exd4 8. Na4 Bd7 9. O-O b5 10. Bxb5 Bxb5 11. Nc3 dxc3 12. bxc3 c5 13. c4 Bc6 14. Re1 Be7 15. Bf4 O-O 16. Re3 a5 17. Qf3 g5 18. Bg3 Qd7 19. Rb1 Rab8 20. Rxb8 Rxb8 21. h4 g4 22. Qf4 Kh7 23. Re1 Nh5 24. Qc1 Nxg3 25. fxg3 f6 26. Qa1 f5 27. exf5 Qxf5 28. h5 Qxh5 29. Rxe7+ Kg6 0-1

[Event "Knighthood Blitz"]
[Site "Vishy Anand Arena"]
[Date "2020.08.01"]
[Round "7"]
[White "Ruben1070"]
[Black "RIJUD"]
[Result "1-0"]
[WhiteElo "1284"]
[BlackElo "1121"]
[Annotator "NA"]
[PlyCount "67"]
[EventDate "2020.08.01"]
[EventType "swiss (blitz)"]

1. Nf3 Nf6 2. g3 d6 3. Bg2 Nbd7 4. O-O g6 5. d4 Bg7 6. Bf4 O-O 7. Qc1 Re8 8. Bh6 e5 9. dxe5 dxe5 10. Bxg7 Kxg7 11. Nc3 e4 12. Ne1 Nc5 13. e3 Bg4 14. f3 exf3 15. Nxf3 c6 16. h3 Bd7 17. Rf2 Qb6 18. b3 Nce4 19. Nxe4 Nxe4 20. Rf1 Nc3 21. Ng5 Qxe3+ 22. Qxe3 Rxe3 23. Rxf7+ Kh6 24. Rxh7+ Kxg5 25. Rxd7 Ne2+ 26. Kh2 Rf8 27. Rxb7 Nd4 28. h4+ Kg4 29. Bh3+ Kf3 30. Rf1+ Ke2 31. Rxf8 Nf3+ 32. Kg2 Ne1+ 33. Kh1 Rf3 34. Bg4 1-0

[Event "Knighthood Blitz"]
[Site "Vishy Anand Arena"]
[Date "2020.08.01"]
[Round "7"]
[White "Karsanjib"]
[Black "Raunak_Bhatnagar"]
[Result "1-0"]
[WhiteElo "1272"]
[BlackElo "1240"]
[Annotator "NA"]
[PlyCount "67"]
[EventDate "2020.08.01"]
[EventType "swiss (blitz)"]

1. d4 c6 2. c4 d5 3. Nc3 Nf6 4. Nf3 Bg4 5. e3 e6 6. h3 Bxf3 7. Qxf3 Bb4 8. Bd2 O-O 9. Be2 Nbd7 10. O-O Nb6 11. c5 Nc8 12. a3 Bxc3 13. Bxc3 b6 14. b4 bxc5 15. dxc5 Ne7 16. Bxf6 gxf6 17. Bd3 Ng6 18. e4 dxe4 19. Qxe4 f5 20. Qe2 Nf4 21. Qe3 e5 22. Bxf5 Qd5 23. Be4 Qd7 24. Rad1 Qe6 25. Rd6 Qa2 26. Bxc6 Kh8 27. Bxa8 Rxa8 28. Qxe5+ Kg8 29. Qxf4 Qxa3 30. Rd7 Rf8 31. Rfd1 a5 32. Rd8 Rxd8 33. Rxd8+ Kg7 34. Qg5# 1-0

[Event "Knighthood Blitz"]
[Site "Vishy Anand Arena"]
[Date "2020.08.01"]
[Round "7"]
[White "Hamza dhariwala"]
[Black "Babykandy"]
[Result "0-1"]
[WhiteElo "1268"]
[BlackElo "1680"]
[Annotator "NA"]
[PlyCount "98"]
[EventDate "2020.08.01"]
[EventType "swiss (blitz)"]

1. e4 c5 2. Nf3 d6 3. d4 cxd4 4. Nxd4 Nf6 5. Nc3 g6 6. Bg5 Bg7 7. Bxf6 Bxf6 8. Bb5+ Bd7 9. Bxd7+ Qxd7 10. O-O O-O 11. Re1 Nc6 12. Nxc6 bxc6 13. Qe2 Rab8 14. b3 Bxc3 15. Rad1 Bxe1 16. Rxe1 Qb7 17. e5 dxe5 18. Qxe5 Qb4 19. h3 e6 20. c3 Qa3 21. f4 Rb5 22. Qf6 Rf5 23. Qd4 Qxa2 24. g4 Rd5 25. Qc4 Rd2 26. Qc5 Rh2 27. Qxc6 Qg2+ 28. Qxg2 Rxg2+ 29. Kxg2 Rb8 30. f5 Rxb3 31. fxe6 fxe6 32. Rxe6 a5 33. h4 Rxc3 34. h5 Rc4 35. hxg6 Rxg4+ 36. Kf3 Rxg6 37. Rxg6+ hxg6 38. Ke2 a4 39. Kd2 g5 40. Kc2 g4 41. Kd2 g3 42. Ke2 a3 43. Kf3 a2 44. Kxg3 a1=Q 45. Kf4 Qc3 46. Kg5 Qd4 47. Kf5 Kf7 48. Kg5 Qe4 49. Kh5 Kf6 0-1

[Event "Knighthood Blitz"]
[Site "Vishy Anand Arena"]
[Date "2020.08.01"]
[Round "7"]
[White "ThakurUdaiveer"]
[Black "suresh agarwal"]
[Result "0-1"]
[WhiteElo "1264"]
[BlackElo "1394"]
[Annotator "NA"]
[PlyCount "88"]
[EventDate "2020.08.01"]
[EventType "swiss (blitz)"]

1. d4 d5 2. Nf3 Nc6 3. Bf4 Nf6 4. e3 a6 5. Bd3 Bg4 6. O-O e6 7. Nbd2 Bd6 8. Bxd6 Qxd6 9. h3 Bh5 10. c3 O-O 11. Qc2 b5 12. Rfe1 Ne7 13. e4 dxe4 14. Bxe4 Nxe4 15. Nxe4 Qd5 16. Qd3 Bg6 17. Nh4 Bxe4 18. Qxe4 Qxe4 19. Rxe4 Nd5 20. Rae1 Rad8 21. f4 c6 22. f5 exf5 23. Nxf5 Rd6 24. Rg4 Rg6 25. Rxg6 hxg6 26. Ne7+ Nxe7 27. Rxe7 Rb8 28. Kf2 Kf8 29. Rc7 Rb6 30. b4 f6 31. a3 g5 32. Kf3 f5 33. Kg3 g6 34. h4 gxh4+ 35. Kxh4 a5 36. bxa5 Ra6 37. Kg5 Kg8 38. Kxg6 c5+ 39. Kxf5 c4 40. g4 Rxa5 41. Rc5 Rxa3 42. Rxb5 Rxc3 43. Rb7 Rf3+ 44. Kg6 Kf8 0-1

[Event "Knighthood Blitz"]
[Site "Vishy Anand Arena"]
[Date "2020.08.01"]
[Round "7"]
[White "prasanthkp1"]
[Black "kingofall"]
[Result "0-1"]
[WhiteElo "1219"]
[BlackElo "1908"]
[PlyCount "60"]
[EventDate "2020.08.01"]
[EventType "swiss (blitz)"]

1. e3 d5 2. c4 c5 3. d4 dxc4 4. Bxc4 cxd4 5. exd4 e6 6. Nf3 Nf6 7. O-O Bd7 8. Bg5 Be7 9. Nc3 O-O 10. Bb3 h6 11. Bxf6 Bxf6 12. Qd3 Na6 13. Bc2 g6 14. Ne4 Bg7 15. b3 Nb4 16. Qd2 Nxc2 17. Qxc2 Rc8 18. Rad1 Rxc2 19. Nc5 Bb5 20. Nxb7 Qb6 21. Rfe1 Qxb7 22. a4 Bc6 23. Re3 Bxf3 24. gxf3 Rd8 25. Red3 Rxd4 26. Rxd4 Bxd4 27. Rxd4 Qxf3 28. Rd8+ Kg7 29. Rd7 Rc1+ 30. Rd1 Rxd1# 0-1

[Event "Knighthood Blitz"]
[Site "Vishy Anand Arena"]
[Date "2020.08.01"]
[Round "7"]
[White "Chessplayer324"]
[Black "Entropicacogen"]
[Result "1-0"]
[WhiteElo "1214"]
[BlackElo "1419"]
[Annotator "NA"]
[PlyCount "51"]
[EventDate "2020.08.01"]
[EventType "swiss (blitz)"]

1. d4 e5 2. dxe5 Nc6 3. Nf3 Qe7 4. Nc3 Nxe5 5. Nxe5 Qxe5 6. f4 Qa5 7. e4 Bb4 8. Bd2 Bc5 9. Nd5 Qa4 10. Nxc7+ Kd8 11. Nxa8 Qxe4+ 12. Be2 Be7 13. O-O Bc5+ 14. Kh1 b6 15. Re1 Bb7 16. Bf3 Qd4 17. Bc3 Bxf3 18. Bxd4 Bxd1 19. Rexd1 Bd6 20. Be5 Bb8 21. Bxb8 Kc8 22. Be5 Kb7 23. Bxg7 d5 24. Bxh8 Kxa8 25. Rxd5 Kb7 26. Rad1 1-0

[Event "Knighthood Blitz"]
[Site "Vishy Anand Arena"]
[Date "2020.08.01"]
[Round "7"]
[White "Devraj"]
[Black "Gingeekannan"]
[Result "0-1"]
[WhiteElo "1212"]
[BlackElo "1495"]
[Annotator "NA"]
[PlyCount "50"]
[EventDate "2020.08.01"]
[EventType "swiss (blitz)"]

1. e4 e5 2. d3 Bc5 3. Be3 Bxe3 4. fxe3 Nf6 5. Qf3 d6 6. Nh3 O-O 7. Nc3 Nc6 8. Qg3 Nb4 9. Rc1 Be6 10. a3 Nc6 11. Be2 Qd7 12. Ng5 h6 13. Nxe6 fxe6 14. Rf1 Rf7 15. Bh5 Nxh5 16. Qg6 Rxf1+ 17. Kxf1 Qf7+ 18. Qxf7+ Kxf7 19. Ke2 Ke7 20. Rf1 Rf8 21. Rxf8 Kxf8 22. Nb5 a6 23. Nxc7 Ke7 24. g4 Nf6 25. d4 exd4 0-1

[Event "Knighthood Blitz"]
[Site "Vishy Anand Arena"]
[Date "2020.08.01"]
[Round "7"]
[White "Pranav104"]
[Black "Cool_chess"]
[Result "0-1"]
[WhiteElo "1099"]
[BlackElo "1365"]
[Annotator "NA"]
[PlyCount "32"]
[EventDate "2020.08.01"]
[EventType "swiss (blitz)"]

1. e4 e5 2. Bc4 Nf6 3. Nh3 Nxe4 4. Qh5 Qf6 5. Ng5 Nxg5 6. d3 Ne6 7. Bxe6 Qxe6 8. O-O Bc5 9. Re1 O-O 10. Rxe5 g6 11. Qg5 f6 12. Rxe6 fxg5 13. Re5 Bxf2+ 14. Kh1 Nc6 15. Rxg5 Bh4 16. Rg4 Rf1# 0-1

[Event "Knighthood Blitz"]
[Site "Vishy Anand Arena"]
[Date "2020.08.01"]
[Round "8"]
[White "EvilGenius"]
[Black "Alanp"]
[Result "1-0"]
[WhiteElo "2702"]
[BlackElo "2491"]
[Annotator "TA"]
[PlyCount "171"]
[EventDate "2020.08.01"]
[EventType "swiss (blitz)"]

1. Nf3 d5 2. d4 Nf6 3. c4 e6 4. g3 Be7 5. Bg2 O-O 6. O-O dxc4 7. Qc2 a6 8. a4 Bd7 9. Qxc4 Bc6 10. Bg5 a5 11. Rd1 Na6 12. Nc3 Nb4 13. Bxf6 Bxf6 14. e4 b6 15. Rd2 Bb7 16. Qe2 Qd7 17. Rad1 Rfd8 18. h4 h6 19. h5 Qe8 20. Nh2 Bg5 21. f4 Be7 22. Ng4 Rd7 23. Ne5 Rdd8 24. Kh2 Rd6 25. Nb5 Ba6 26. Bf1 Rdd8 27. Qf3 Bd6 28. Rc1 c6 29. Nxd6 Rxd6 30. Bxa6 Rxa6 31. Rcd1 Ra8 32. Nc4 Rdd8 33. Nxb6 Ra7 34. Nc4 Qe7 35. Kg2 Kh8 36. g4 Kg8 37. Ne5 Rc7 38. Nc4 Ra7 39. Kg3 Qc7 40. Qc3 Rd7 41. Ne5 Rd6 42. Qc5 Ra6 43. Rc1 Qd8 44. Nc4 Rd7 45. Ne5 Rd6 46. Nf3 Na2 47. Rh1 Nb4 48. g5 hxg5 49. fxg5 Qc7 50. Kg2 Rd8 51. Rh4 Qb6 52. Qe5 Qb8 53. Qxb8 Rxb8 54. h6 Rab6 55. Kg3 Na6 56. Ne5 gxh6 57. gxh6 R8b7 58. Rg2 Kh7 59. Kf4 f6 60. Ng4 Rf7 61. Rh3 Nc7 62. Rhg3 Ne8 63. Ne3 Rbb7 64. Rg8 Rbe7 65. Nc4 e5+ 66. Ke3 exd4+ 67. Kxd4 Nc7 68. Kc3 Ne6 69. Nd6 Ng5 70. Nxf7 Rxf7 71. Rg7+ Rxg7 72. hxg7 Kxg7 73. Kc4 Kg6 74. b4 Kf7 75. bxa5 Nxe4 76. a6 Nd6+ 77. Kc5 Nf5 78. Kxc6 Ne3 79. a7 Nxg2 80. a8=Q Nf4 81. Qa7+ Kg6 82. Qf2 Kg5 83. Qg3+ Kf5 84. Qf3 Ke5 85. a5 Ne6 86. Qe3+ 1-0

[Event "Knighthood Blitz"]
[Site "Vishy Anand Arena"]
[Date "2020.08.01"]
[Round "8"]
[White "FedoseevVladimir"]
[Black "Vignesh nr"]
[Result "1-0"]
[WhiteElo "2666"]
[BlackElo "2360"]
[Annotator "TA"]
[PlyCount "81"]
[EventDate "2020.08.01"]
[EventType "swiss (blitz)"]

1. e4 c5 2. Nf3 d6 3. d4 cxd4 4. Nxd4 Nf6 5. Nc3 a6 6. Rg1 e5 7. Nb3 Be6 8. g4 d5 9. exd5 Nxd5 10. Bg2 Bb4 11. Bd2 Bxc3 12. bxc3 Nc6 13. Nc5 Qe7 14. Nxe6 Qxe6 15. Rb1 Nf4 16. Bxf4 exf4+ 17. Qe2 Qxe2+ 18. Kxe2 O-O-O 19. Rgd1 Rhe8+ 20. Kf1 Rxd1+ 21. Rxd1 Ne5 22. Bd5 Rd8 23. Bxb7+ Kc7 24. Rxd8 Kxd8 25. Bxa6 Nxg4 26. h3 Ne5 27. Be2 Kc7 28. a4 Kb6 29. Bb5 g5 30. Ke2 h5 31. c4 h4 32. f3 f5 33. Kf2 g4 34. fxg4 fxg4 35. hxg4 h3 36. g5 h2 37. Kg2 Ng4 38. c5+ Kxc5 39. Be2 Ne3+ 40. Kxh2 Nxc2 41. g6 1-0